Week 17 Womens Basketball AP Poll - Statistics

General Stats
  • This quiz has been taken 4 times
  • The average score is 16 of 25
Answer Stats
Rank Change In Polls Team % Correct
9 Stay Iowa
100%
6 Stay LSU
100%
3 Stay South Carolina
100%
4 Stay Texas
100%
21 Down 1 Texas Tech
100%
2 Stay UCLA
100%
13 Down 1 Duke
75%
17 Down 1 Kentucky
75%
8 Stay Michigan
75%
10 Up 1 TCU
75%
1 Stay UConn
75%
5 Stay Vanderbilt
75%
20 Down 2 Baylor
50%
22 Up 1 Georgia
50%
12 Down 2 Louisville
50%
14 Stay Maryland
50%
18 Down 3 Michigan State
50%
19 Up 3 Minnesota
50%
11 Up 2 Ohio State
50%
7 Stay Oklahoma
50%
24 Down 5 Ole Miss
50%
15 Up 2 West Virginia
50%
25 NR Fairfield
25%
16 Up 5 North Carolina
25%
23 Up 2 Princeton
25%
No matching quizzes found
Score Distribution
Percent of People with Each Score
Percentile by Number Answered
Your Score History
You have not taken this quiz